Statistics for Top 15 Countries with Covid-19 Deaths - 29 November

Click here to take the quiz!

General Stats

  • This quiz has been taken 13 times
  • The average score is 15 of 21

Answer Stats

country% Correct
Spain
100%
United Kingdom
100%
United States
100%
Brazil
92%
France
92%
India
92%
Italy
92%
Mexico
92%
Russia
92%
Argentina
85%
Peru
85%
Chile
77%
Colombia
77%
Poland
69%
Belgium
62%
Bolivia
62%
Iran
62%
South Africa
54%
Czechia
31%
Bosnia and
Herzegovina
8%
North Macedonia
8%

Score Distribution

Percentile by Number Answered

Percent of People with Each Score

Your Score History

You have not taken this quiz